Statistiques concernant Renard - Culture générale

Cliquez ici pour prendre le quiz!

Statistiques générales

  • Ce quiz a été pris 98 fois
  • Le résultat moyen est 8 sur 15

Statistiques - réponses

QuestionRéponse% Correct
Quel animal est associé au renard dans une fable célèbre de La FontaineLe corbeau
95%
Le renard vit dans unTerrier
91%
A quelle famille appartient le renard avec le chien et le loup ?Canidés
80%
A quel trait de caractère est associé le renard ?Ruse
80%
Quel terme était anciennement utilisé pour désigner le renardGoupil
66%
Comment s'appelle le renard dans Dora l'exploratrice ?Chipeur
62%
Espèce de renard présente en FranceRenard roux
59%
Le renard se nourrie principalement deRongeurs
55%
Dans quel sport parle t on de renard des surface ?Football
52%
Film Disney dont le personnage principal éponyme est un renardRobin des bois
45%
Jeu collectif, pratiqué dans les cours de récréation faisant s'affronter 3 équipesPoule renard vipère
44%
Dans quel pays l'introduction du renard menace la survie de nombreuses espèceAustralie
35%
Quel est le premier pays producteur de fourrure de renardFinlande
15%
Maladie porté par le renard transmissible à l'hommeÉchinococcose
6%
Comment s'appelle la technique de chasse employé par le renard ?Mulotage
2%

Distribution des résultats

Percentile par nombre de réponses

% des personnes avec chaque résultat

Votre développement - résultats

Vous n’avez pas pris ce quiz